000 00530nam a22001817a 4500
005 20230704141952.0
008 230704b ||||| |||| 00| 0 eng d
040 _cAL
041 _aEnglish
082 _223
_a516/10
_bGUPE
100 _aS R Gupta
_9125448
245 _aElementary Analytical Dynamics of a Particle of Rigid Bodies
260 _aDelhi
_bS Chand and Co
_c1969
650 _aAnalytical Dynamics Particle Rigid Bodies
_9125449
650 _aMechanics
_9125450
700 _aGUPTA (S R)
_9125451
942 _2ddc
_cBB
999 _c227747
_d227747